000 00718nam a22002417a 4500
003 UA-OsUOA
001 48063
007 ta
008 20121121b un ||||| |||| 00| 0 ukr d
100 _aМатяш І.
090 _a929
_bМ35
942 _cBK
040 _aUA-OsUOA
_bukr
_cUA-OsUOA
_dUA-OsUOA
245 _aКатерина Грушевська
_bжиттєпис, бібліографія, архіви
300 _a224 с.
955 _a1
041 _aukr
080 _a929
260 _aК.
_c1997
650 7 _a9 Географія. Біографії. Історія
_2UDC
999 _c428159
_d428159